Online katalóg knižníc regiónu Turca

Nové objavy v Žilinskom kraji (Record no. 21278)

MARC details
000 -LEADER
fixed length control field 01785nam a22005053 4500
001 - CONTROL NUMBER
control field 21278
003 - CONTROL NUMBER IDENTIFIER
control field VRT
005 - DATE AND TIME OF LATEST TRANSACTION
control field 20260226081936.0
008 - FIXED-LENGTH DATA ELEMENTS--GENERAL INFORMATION
fixed length control field 250219s2024 xo oabef an 000 0 slo d
020 ## - INTERNATIONAL STANDARD BOOK NUMBER
International Standard Book Number 9788097446321
Qualifying information (viazané)
035 ## - SYSTEM CONTROL NUMBER
System control number a000764656
039 #9 - LEVEL OF BIBLIOGRAPHIC CONTROL AND CODING DETAIL [OBSOLETE]
Level of rules in bibliographic description 202505200923
Level of effort used to assign nonsubject heading access points ba00115
Level of effort used to assign subject headings 202505151337
Level of effort used to assign classification kucmanj
Level of effort used to assign subject headings 202502190953
Level of effort used to assign classification Miskovav
040 ## - CATALOGING SOURCE
Original cataloging agency UKB
Language of cataloging slo
Modifying agency UKB
Description conventions rda
041 0# - LANGUAGE CODE
Language code of text/sound track or separate title slo
Language code of summary or abstract eng
043 ## - GEOGRAPHIC AREA CODE
Geographic area code e-xo---
044 ## - COUNTRY OF PUBLISHING/PRODUCING ENTITY CODE
MARC country code xo
ISO country code SK
072 #7 - SUBJECT CATEGORY CODE
Subject category code 902
Subject category code subdivision Archeológia
Source konspekt
080 ## - UNIVERSAL DECIMAL CLASSIFICATION NUMBER
Universal Decimal Classification number 902-051
Edition identifier 2011
080 ## - UNIVERSAL DECIMAL CLASSIFICATION NUMBER
Universal Decimal Classification number 902.2
Edition identifier 2011
080 ## - UNIVERSAL DECIMAL CLASSIFICATION NUMBER
Universal Decimal Classification number 902.3
Edition identifier 2011
080 ## - UNIVERSAL DECIMAL CLASSIFICATION NUMBER
Universal Decimal Classification number (437.6)
Edition identifier 2011
080 ## - UNIVERSAL DECIMAL CLASSIFICATION NUMBER
Universal Decimal Classification number (048.8)
Edition identifier 2011
245 10 - TITLE STATEMENT
Title Nové objavy v Žilinskom kraji
Number of part/section of a work II.
Name of part/section of a work Archeologické aktivity v rokoch 2018-2022
Statement of responsibility, etc. Martin Furman (editor)
246 30 - VARYING FORM OF TITLE
Title proper/short title Archeologické aktivity v rokoch 2018-2022
264 #1 - PRODUCTION, PUBLICATION, DISTRIBUTION, MANUFACTURE, AND COPYRIGHT NOTICE
Place of production, publication, distribution, manufacture Žilina
Name of producer, publisher, distributor, manufacturer Spolok SEPTENTRIO
Date of production, publication, distribution, manufacture, or copyright notice 2024
300 ## - PHYSICAL DESCRIPTION
Extent 309 strán
Other physical details ilustrácie, mapy, plány
336 ## - CONTENT TYPE
Content type term text
Content type code txt
Source rdacontent
337 ## - MEDIA TYPE
Media type term bez média
Media type code n
Source rdamedia
338 ## - CARRIER TYPE
Carrier type term zväzok
Carrier type code nc
Source rdacarrier
366 ## - TRADE AVAILABILITY INFORMATION
Note 1000 kusov
504 ## - BIBLIOGRAPHY, ETC. NOTE
Bibliography, etc. note Bibliografia na strane 295-302 ; bibliografické odkazy
546 ## - LANGUAGE NOTE
Language note Anglické resumé
610 27 - SUBJECT ADDED ENTRY--CORPORATE NAME
Corporate name or jurisdiction name as entry element Pamiatkový úrad Slovenskej republiky
Source of heading or term UKBPH
610 27 - SUBJECT ADDED ENTRY--CORPORATE NAME
Corporate name or jurisdiction name as entry element Krajský pamiatkový úrad Žilina
Source of heading or term UKBPH
650 07 - SUBJECT ADDED ENTRY--TOPICAL TERM
Topical term or geographic name entry element archeologické nálezy
Geographic subdivision Slovensko
Source of heading or term UKBPH
650 07 - SUBJECT ADDED ENTRY--TOPICAL TERM
Topical term or geographic name entry element archeológovia
Geographic subdivision Slovensko
Source of heading or term UKBPH
650 07 - SUBJECT ADDED ENTRY--TOPICAL TERM
Topical term or geographic name entry element archeologické výskumy
Geographic subdivision Slovensko
Source of heading or term UKBPH
650 07 - SUBJECT ADDED ENTRY--TOPICAL TERM
Topical term or geographic name entry element sídliská (archeológia)
Geographic subdivision Slovensko
Chronological subdivision doba bronzová
Source of heading or term UKBPH
651 #7 - SUBJECT ADDED ENTRY--GEOGRAPHIC NAME
Geographic name Žilinský kraj (Slovensko)
Source of heading or term UKBPH
655 #7 - INDEX TERM--GENRE/FORM
Genre/form data or focus term prehľady
Source of term UKBPH
700 1# - ADDED ENTRY--PERSONAL NAME
Personal name Furman, Martin
Relationship edt
942 ## - ADDED ENTRY ELEMENTS (KOHA)
Source of classification or shelving scheme Dewey Decimal Classification
Koha item type Odborná literatúra pre dospelých
Suppress in OPAC No
949 ## - LOCAL PROCESSING INFORMATION (OCLC)
6 1800965995
a SJ.B.13497
b PV.2025-1166
980 ## - EQUIVALENCE OR CROSS-REFERENCE-SERIES STATEMENT--PERSONAL NAME/TITLE [LOCAL, CANADA]
Personal name Spolok SEPTENTRIO, Hlinská 2587/32, 01001 Žilina
Holdings
Stav vyradenia Strata Poškodenie Spôsob nadobudnutia Domovská knižnica Aktuálna knižnica Dátum nadobudnutia Total checkouts Čiarový kód exemplára Date last seen Typ exemplára
      Dar Obecná knižnica Turčianska Štiavnička Obecná knižnica Turčianska Štiavnička 26.02.2026   4738000031 26.02.2026 Odborná literatúra pre dospelých
Projekt je podporený Slovenskou asociáciou knižníc
Prevádzkuje Turčianska knižnica Martin 2026